Ekonomika pestovania rýchlorastúcich vŕb v podmienkach severovýchodného Slovenska – prípadová štúdia

Analýza vlastných nákladov pestovania rýchlorastúcej vŕby, pričom prezentované výsledky boli získané z prevádzkových podmienok pri expertíznej činnosti v horskej výrobnej oblasti na severovýchode Slovenska.

Gespeichert in:
Bibliographische Detailangaben
1. Verfasser: Tóth, Štefan
Weitere Verfasser: Stričík, Michal, 1969-, Kuffa, Marek
Format: Buchkapitel
Sprache:Slowakisch
Schlagworte:
Tags: Tag hinzufügen
Keine Tags, Fügen Sie das erste Tag hinzu!

MARC

LEADER 00000nla a2200000 4500
001 0208043
005 20240502073447.7
041 0 |a slo 
044 |a SK 
245 1 0 |a Ekonomika pestovania rýchlorastúcich vŕb v podmienkach severovýchodného Slovenska – prípadová štúdia  |c Štefan Tóth, Michal Stričík, Marek Kuffa 
520 |a Analýza vlastných nákladov pestovania rýchlorastúcej vŕby, pričom prezentované výsledky boli získané z prevádzkových podmienok pri expertíznej činnosti v horskej výrobnej oblasti na severovýchode Slovenska. 
610 2 0 |a agroekológia 
610 2 0 |a agropodnikanie 
610 2 0 |a pôdoznalectvo 
610 2 0 |a plodiny poľné 
610 2 0 |a náklady 
610 2 0 |a výnosy 
610 2 0 |a štúdie prípadové 
100 1 |a Tóth, Štefan 
700 1 |a Stričík, Michal, 1969- 
700 1 |a Kuffa, Marek